Normal view
MARC view
Entry Personal Name
001 - CONTROL NUMBER
- control field: 12632
003 - CONTROL NUMBER IDENTIFIER
- control field: BD-RjUL
005 - DATE AND TIME OF LATEST TRANSACTION
- control field: 20240418160349.0
008 - FIXED-LENGTH DATA ELEMENTS
- fixed length control field: 240418|| aca||aabn | a|a d
040 ## - CATALOGING SOURCE
- Original cataloging agency: BD-RjUL
- Transcribing agency: BD-RjUL
100 ## - HEADING--PERSONAL NAME
- Personal name: Rahman, Shameema
670 ## - SOURCE DATA FOUND
- Source citation: Work cat.: (BD-RjUL)83544: Rahman, Shameema, Autistic behaviour of the downs syndrome children as compared to other clinical types of mentally retarded children /, 2006